<?xml version="1.0" encoding="UTF-8"?>
<record
    xmlns:xsi="http://www.w3.org/2001/XMLSchema-instance"
    xsi:schemaLocation="http://www.loc.gov/MARC21/slim http://www.loc.gov/standards/marcxml/schema/MARC21slim.xsd"
    xmlns="http://www.loc.gov/MARC21/slim">

  <leader>00843nam a22002537i 4500</leader>
  <controlfield tag="005">20201019121832.0</controlfield>
  <controlfield tag="008">201018s2018    ii a|||b |||| 00| 1 tam d</controlfield>
  <datafield tag="020" ind1=" " ind2=" ">
    <subfield code="c">RM11.20</subfield>
    <subfield code="q">paperback</subfield>
    <subfield code="a">9789388126243</subfield>
  </datafield>
  <datafield tag="040" ind1=" " ind2=" ">
    <subfield code="a">PPAK</subfield>
    <subfield code="b">eng</subfield>
    <subfield code="c">PPAK</subfield>
    <subfield code="e">rda</subfield>
  </datafield>
  <datafield tag="082" ind1="0" ind2="4">
    <subfield code="2">23</subfield>
    <subfield code="a">894.8113</subfield>
  </datafield>
  <datafield tag="090" ind1="0" ind2="0">
    <subfield code="a">894.8113</subfield>
    <subfield code="b">VAA</subfield>
    <subfield code="d">K</subfield>
  </datafield>
  <datafield tag="100" ind1="0" ind2=" ">
    <subfield code="a">Vaanamathi,</subfield>
    <subfield code="e">author.</subfield>
  </datafield>
  <datafield tag="245" ind1="1" ind2="0">
    <subfield code="6">880-02</subfield>
    <subfield code="a">Ku&#x1E3B;avip p&#x16B;&#x1E45;k&#x101; =</subfield>
    <subfield code="b">Stinging garden /</subfield>
    <subfield code="c">Vaanamathi</subfield>
  </datafield>
  <datafield tag="250" ind1=" " ind2=" ">
    <subfield code="a">First Edition: August, 2018 </subfield>
  </datafield>
  <datafield tag="264" ind1=" " ind2="1">
    <subfield code="a">Chennai, India :</subfield>
    <subfield code="b">BOOKS FOR CHILDREN,</subfield>
    <subfield code="c">2018</subfield>
  </datafield>
  <datafield tag="300" ind1=" " ind2=" ">
    <subfield code="a">48 pages :</subfield>
    <subfield code="b">illustrations ;</subfield>
    <subfield code="c">22 cm</subfield>
  </datafield>
  <datafield tag="336" ind1=" " ind2=" ">
    <subfield code="2">rdacontent</subfield>
    <subfield code="a">text</subfield>
  </datafield>
  <datafield tag="337" ind1=" " ind2=" ">
    <subfield code="2">rdamedia</subfield>
    <subfield code="a">unmediated</subfield>
  </datafield>
  <datafield tag="338" ind1=" " ind2=" ">
    <subfield code="2">rdacarrier</subfield>
    <subfield code="a">volume</subfield>
  </datafield>
  <datafield tag="650" ind1="1" ind2="0">
    <subfield code="a">Children's stories, Tamil</subfield>
  </datafield>
  <datafield tag="880" ind1="1" ind2=" ">
    <subfield code="6">100-01/$1</subfield>
    <subfield code="a">&#xBB5;&#xBBE;&#xBA3;&#xBAE;&#xBA4;&#xBBF;</subfield>
  </datafield>
  <datafield tag="880" ind1="1" ind2="0">
    <subfield code="6">245-02/$1</subfield>
    <subfield code="a">&#xB95;&#xBC1;&#xBB4;&#xBB5;&#xBBF;&#xBAA;&#xBCD; &#xBAA;&#xBC2;&#xB99;&#xBCD;&#xB95;&#xBBE; </subfield>
  </datafield>
  <datafield tag="942" ind1=" " ind2=" ">
    <subfield code="2">ddc</subfield>
    <subfield code="c">B</subfield>
  </datafield>
  <datafield tag="999" ind1=" " ind2=" ">
    <subfield code="c">179569</subfield>
    <subfield code="d">179569</subfield>
  </datafield>
  <datafield tag="952" ind1=" " ind2=" ">
    <subfield code="0">0</subfield>
    <subfield code="7">0</subfield>
    <subfield code="b">PPAK</subfield>
    <subfield code="c">K</subfield>
    <subfield code="d">2020-11-04</subfield>
    <subfield code="o">K 894.8113 VAA</subfield>
    <subfield code="p">A01660419</subfield>
    <subfield code="r">2021-02-22 00:00:00</subfield>
    <subfield code="y">B</subfield>
  </datafield>
  <datafield tag="952" ind1=" " ind2=" ">
    <subfield code="0">0</subfield>
    <subfield code="7">0</subfield>
    <subfield code="b">KM</subfield>
    <subfield code="c">K</subfield>
    <subfield code="d">2020-11-04</subfield>
    <subfield code="o">K 894.8113 VAA</subfield>
    <subfield code="p">A01660420</subfield>
    <subfield code="r">2020-11-04 00:00:00</subfield>
    <subfield code="y">B</subfield>
  </datafield>
</record>
